Normal view
MARC view
- تاليف محفوظ، نجيب 1900-2009
Entry Personal Name
001 - CONTROL NUMBER
- control field: 20857
003 - CONTROL NUMBER IDENTIFIER
- control field: JO-AjAnu
005 - DATE AND TIME OF LATEST TRANSACTION
- control field: 20230606073625.0
008 - FIXED-LENGTH DATA ELEMENTS
- fixed length control field: 230606|| aca||aabn | a|a d
040 ## - CATALOGING SOURCE
- Original cataloging agency: JO-AjAnu
- Transcribing agency: JO-AjAnu
100 ## - HEADING--PERSONAL NAME
- Personal name: تاليف محفوظ، نجيب 1900-2009
670 ## - SOURCE DATA FOUND
- Source citation: Work cat.: (JO-AjAnu)10715: تاليف محفوظ، نجيب 1900-2009, author, همس الجنون